004970000a22001090004500090001700000245019000017041001400207100003200221942001300253773010400266999001700370 aASbSeriadas10aPhlebotominae de Colombia () IX. Distribución geográfica de especies de Brumptomyia Franca y parrot, 1921 y lutzomya franca, 1924 encontradas en Colombia S. A.0 aEspañol1 aOsorno Mesa, Ernesto999162 cARTICULO1 tRevista de la Academia Colombiana de Ciencias Exactas, Fisicas y Naturales332h53q45-68d1972g14 c14244d14244